00737nam a2200205 i 450000100060000000300090000600500170001500700030003200800410003510000340007624500430011026000540015330000220020749000480022965000270027783000560030485200320036099900170039295201220040995520ES-MaACL20250819032041.0t|050531s1972 sp ||||1| spa d1 aLlopis, Joan (d1932-)97283113aEl entierro cristiano / cJuan Llopis. aMadrid : bPropaganda Popular Católica, c1972. a164 p. ; c22 cm.1 aColección Renovación Litúrgica ; v1007aExequias2embne9126540 aColección Renovación Litúrgica ; v109232201 aES-MaACLjC-43757 bR.82273 c95520d95520 00104070aATENEOMbATENEOMcDEPO2d2008-01-17eSCl0oC-43757p1099741r2023-02-23 00:00:00w2023-02-23yMONOGRAFIA